000
00302nam a2200133Ia 4500
008
150301s2015 xx 000 0 und d
082
_a
615.34
_b
P10K
100
_a
N. KUMAR
245
2
_a
A TB OF PHARMACOGNOSY
260
_b
AITBS DELHI
300
_a
402
650
_a
PHARMACOLOGY
942
_2
ddc
_c
BK
_0
9
999
_c
7108
_d
7108